000 00646nam a22002297a 4500
003 OSt
005 20150428125033.0
008 150428b xxu||||| |||| 00| 0 eng d
020 _a9783527310371
040 _cDDC
082 _222nd ed.
_a546 SCH 2005
100 _aSchubert, Ulrich
_94229
245 _aSynthesis of inorganic materials
250 _a2nd,Rev.& updated ed.
260 _aAustria;
_bWiley,
_c2005
300 _axx, 409p;
_bill:
_c24cm
504 _aReferences, glossary & index included
650 _aInorganic Chemistry
_9799
650 _aInorganic synthesis
_94230
700 _aHusing, Nicola
_94231
942 _2ddc
_cO_SHELF
999 _c1603
_d1603